| 000 | 00951nam0a2200301 4500 | ||
|---|---|---|---|
| 001 | RU\NLR\BIBL_A\022275800 | ||
| 005 | 20250625182647.0 | ||
| 010 | _93000 | ||
| 021 | _aRU | ||
| 035 | _a(NLR Aleph) 022275800 | ||
| 090 |
_a13323013 _c13323013 |
||
| 100 | _a20240710d1963 |||y0rusy50 ca | ||
| 101 | 0 | _amol | |
| 102 | _aRU | ||
| 105 | _ay z 000 y | ||
| 181 | 0 |
_ai _baxxe |
|
| 182 | 0 | _an | |
| 200 | 1 |
_aЕшире дин лежендэ _eпоем _fЛивиу Делеану |
|
| 203 |
_aТекст _bвизуальный _cнепосредственный |
||
| 210 |
_aКишинэу _cЕдитура де Стат "Картя Молдовеняскэ" _d1963 |
||
| 215 |
_a74,[1] с. _d14 |
||
| 541 | 1 |
_aПродолжение легенды _eпоэма _zrus |
|
| 686 | 1 | _aШ6(2=Мол.)7-6 | |
| 700 | 1 |
_aДеляну _bЛ. _f1911-1967 _gЛивиу _4070 |
|
| 852 |
_aNLR _bОНЛ _jМолд./1-261 |
||
| 942 | _cBOOK | ||
| 980 | _aNB | ||